[Event "7. Internacional Governador Mario Covas"]
[Site "Santos BRA"]
[Date "2007.05.23"]
[Round "5.4"]
[White "Matsuura, Everaldo"]
[Black "Lemos, Damian"]
[Result "1-0"]
[WhiteElo "2502"]
[BlackElo "2422"]
[PlyCount "81"]
[EventDate "2007.05.19"]
[EventType "tourn"]
[EventRounds "9"]
[EventCountry "BRA"]
[EventCategory "10"]
[Source "lmi"]
[SourceDate "2007.05.19"]

1. e4 e6 2. d4 d5 3. exd5 exd5 4. c4 Nf6 5. Nc3 Bb4 6. Nf3 O-O 7. Be2 Be6 8.
Ng5 Bf5 9. O-O Nc6 10. Be3 h6 11. Nf3 Re8 12. Qb3 Bxc3 13. Qxc3 Ne4 14. Qc1 Bg4
15. h3 Be6 16. Rd1 Ne7 17. Bd3 Nf5 18. Bf4 c6 19. Qc2 Nh4 20. Ne5 Qf6 21. Be3
Ng5 22. f4 Ne4 23. cxd5 cxd5 24. Bxe4 dxe4 25. Qxe4 Bf5 26. Qxb7 Rab8 27. Qd5
Red8 28. Qc6 Rd6 29. Qc3 Be4 30. Rd2 Qe6 31. Re1 Rc8 32. Qb3 Bd5 33. Qd1 Nxg2
34. Rxg2 Qxh3 35. Qg4 Qxg2+ 36. Qxg2 Bxg2 37. Kxg2 Rc2+ 38. Kf3 f6 39. Nd3 Kf7
40. f5 Ra6 41. Nb4 1-0

[Event "7. Internacional Governador Mario Covas"]
[Site "Santos BRA"]
[Date "2007.05.23"]
[Round "5.5"]
[White "Milos, Gilberto"]
[Black "Fernandez, Daniel"]
[Result "1/2-1/2"]
[WhiteElo "2579"]
[BlackElo "2436"]
[PlyCount "49"]
[EventDate "2007.05.19"]
[EventType "tourn"]
[EventRounds "9"]
[EventCountry "BRA"]
[EventCategory "10"]
[Source "lmi"]
[SourceDate "2007.05.19"]

1. d4 d5 2. c4 c6 3. Nf3 Nf6 4. Nc3 dxc4 5. a4 Bf5 6. Ne5 Nbd7 7. Nxc4 Nb6 8.
Ne5 a5 9. f3 Nfd7 10. Nxd7 Nxd7 11. e4 Bg6 12. Be2 e5 13. Be3 Qb6 14. O-O exd4
15. Bxd4 Bc5 16. Bxc5 Nxc5 17. Qd4 Rd8 18. Qe3 O-O 19. Rfc1 Nxa4 20. Qxb6 Nxb6
21. Rxa5 Rd4 22. Ra7 Rb8 23. Kf2 f5 24. Ke3 Rb4 25. exf5 1/2-1/2

[Event "7. Internacional Governador Mario Covas"]
[Site "Santos BRA"]
[Date "2007.05.24"]
[Round "6.1"]
[White "Leitao, Rafael"]
[Black "Fernandez, Daniel"]
[Result "1/2-1/2"]
[WhiteElo "2603"]
[BlackElo "2436"]
[PlyCount "45"]
[EventDate "2007.05.19"]
[EventType "tourn"]
[EventRounds "9"]
[EventCountry "BRA"]
[EventCategory "10"]
[Source "lmi"]
[SourceDate "2007.05.19"]

1. d4 d5 2. c4 c6 3. Nf3 Nf6 4. Qc2 g6 5. Bf4 Bf5 6. Qb3 Na6 7. Qxb7 Nb4 8.
Qxb4 e5 9. Qa4 exf4 10. Ne5 Bd6 11. Qxc6+ Kf8 12. c5 Bxe5 13. dxe5 Ne4 14. Nc3
Rc8 15. Qxd5 Qa5 16. Qd4 Nxc3 17. Qxc3 Qxc3+ 18. bxc3 Rxc5 19. g3 f3 20. exf3
Rxe5+ 21. Kd2 Rd5+ 22. Kc1 Kg7 23. Be2 1/2-1/2

[Event "7. Internacional Governador Mario Covas"]
[Site "Santos BRA"]
[Date "2007.05.24"]
[Round "6.2"]
[White "Lemos, Damian"]
[Black "Milos, Gilberto"]
[Result "1/2-1/2"]
[WhiteElo "2422"]
[BlackElo "2579"]
[PlyCount "106"]
[EventDate "2007.05.19"]
[EventType "tourn"]
[EventRounds "9"]
[EventCountry "BRA"]
[EventCategory "10"]
[Source "lmi"]
[SourceDate "2007.05.19"]

1. d4 Nf6 2. Nf3 g6 3. g3 Bg7 4. Bg2 O-O 5. O-O d5 6. c4 dxc4 7. Na3 Nc6 8.
Nxc4 Be6 9. b3 Bd5 10. Bb2 a5 11. a4 Nb4 12. e3 Be4 13. Ne1 Bxg2 14. Nxg2 c6
15. Rc1 Na6 16. Ra1 Nb4 17. Rc1 Ne4 18. f3 Nd6 19. Qe2 Nxc4 20. Rxc4 Qb6 21.
Nf4 Rad8 22. Ba3 e5 23. Bxb4 axb4 24. Nd3 exd4 25. e4 Rfe8 26. f4 Bf8 27. Qf3
Qc7 28. Re1 Qd7 29. e5 f6 30. Re4 fxe5 31. fxe5 Qe6 32. Qg4 Qxg4 33. Rxg4 c5
34. Kf2 b6 35. Kf3 Be7 36. Ke4 g5 37. Kf3 Rf8+ 38. Ke2 Kf7 39. a5 Ke6 40. h4
Kf5 41. Rxg5+ Bxg5 42. hxg5 bxa5 43. Rxc5 Rc8 44. Rxa5 Rc2+ 45. Kd1 Rg2 46. e6+
Ke4 47. Nf4 Rxg3 48. e7 Re8 49. Nd5 Kd3 50. Nxb4+ Kc3 51. Nd5+ Kxb3 52. Ra7
Rxg5 53. Nf6 Rgg8 1/2-1/2

[Event "7. Internacional Governador Mario Covas"]
[Site "Santos BRA"]
[Date "2007.05.24"]
[Round "6.3"]
[White "Fier, Alexandr"]
[Black "Matsuura, Everaldo"]
[Result "1/2-1/2"]
[WhiteElo "2499"]
[BlackElo "2502"]
[PlyCount "140"]
[EventDate "2007.05.19"]
[EventType "tourn"]
[EventRounds "9"]
[EventCountry "BRA"]
[EventCategory "10"]
[Source "lmi"]
[SourceDate "2007.05.19"]

1. d4 d5 2. c4 c6 3. Nf3 Nf6 4. Nc3 Bf5 5. e3 e6 6. Nh4 Bg6 7. Nxg6 hxg6 8. Qc2
Bd6 9. g3 Nbd7 10. cxd5 exd5 11. Bg2 Qe7 12. a3 Kf8 13. O-O Re8 14. f3 Kg8 15.
e4 dxe4 16. Nxe4 Nxe4 17. fxe4 Bc7 18. b4 Nf6 19. e5 Ng4 20. Rf4 Nxh2 21. Re4
Bb6 22. Be3 Qd7 23. Qe2 g5 24. Rd1 g4 25. Qf2 Rh5 26. Rd2 Qe6 27. Rf4 Qb3 28.
Re2 Re7 29. Be4 Qxa3 30. Kg2 Qb3 31. Rf5 Rh8 32. Rg5 Qe6 33. Qf5 Nf3 34. Rxg4
Nxd4 35. Qg5 Qxe5 36. Bxd4 Qxg5 37. Rxg5 Bxd4 38. b5 Rh6 39. bxc6 bxc6 40. Bf3
Rxe2+ 41. Bxe2 Re6 42. Bc4 Re5 43. Rg4 c5 44. Rf4 Re7 45. Rf3 a5 46. Rb3 Ra7
47. Rb8+ Kh7 48. Rf8 Kg6 49. Kf3 a4 50. Rb8 a3 51. Ba2 Kh7 52. g4 g6 53. g5 Kg7
54. Kg4 Re7 55. Ra8 Re4+ 56. Kf3 Re5 57. Kf4 Rf5+ 58. Kg4 Be3 59. Rxa3 Rxg5+
60. Kh4 Re5 61. Ra7 Rf5 62. Rc7 Bd4 63. Kg4 Rf2 64. Bd5 Be3 65. Re7 Bh6 66. Rc7
Be3 67. Re7 Bd4 68. Rc7 Rf1 69. Bc4 Rf6 70. Ba2 Rf2 1/2-1/2

[Event "7. Internacional Governador Mario Covas"]
[Site "Santos BRA"]
[Date "2007.05.24"]
[Round "6.4"]
[White "Rodriguez Vila, Andres"]
[Black "Mekhitarian, Krikor Sevag"]
[Result "1/2-1/2"]
[WhiteElo "2559"]
[BlackElo "2416"]
[PlyCount "77"]
[EventDate "2007.05.19"]
[EventType "tourn"]
[EventRounds "9"]
[EventCountry "BRA"]
[EventCategory "10"]
[Source "lmi"]
[SourceDate "2007.05.19"]

1. f4 d5 2. Nf3 Nc6 3. e3 Nf6 4. Bb5 Bd7 5. O-O e6 6. b3 Bd6 7. Bb2 O-O 8. d3
a6 9. Bxc6 Bxc6 10. Nbd2 Qe7 11. Qe1 Ba3 12. Bd4 Nd7 13. Qg3 f6 14. Rae1 Bb4
15. Ba1 e5 16. Nh4 Qe6 17. Re2 Rae8 18. f5 Qd6 19. Qg4 Rf7 20. Rf3 e4 21. Rh3
exd3 22. cxd3 Bb5 23. Ng6 Nf8 24. Nf4 Bc5 25. Nf1 Bd7 26. Rf2 c6 27. Rff3 Qe7
28. Qh5 Qd8 29. Ng6 h6 30. Rfg3 Nxg6 31. Qxg6 Kf8 32. Rxh6 gxh6 33. Qxh6+ Ke7
34. Rg7 d4 35. exd4 Bb6 36. Rxf7+ Kxf7 37. Qh7+ Kf8 38. Qh8+ Kf7 39. Qh7+
1/2-1/2

[Event "7. Internacional Governador Mario Covas"]
[Site "Santos BRA"]
[Date "2007.05.24"]
[Round "6.5"]
[White "Coelho, Luis Henrique"]
[Black "Cubas, Jose Fernando"]
[Result "0-1"]
[WhiteElo "2395"]
[BlackElo "2447"]
[PlyCount "80"]
[EventDate "2007.05.19"]
[EventType "tourn"]
[EventRounds "9"]
[EventCountry "BRA"]
[EventCategory "10"]
[Source "lmi"]
[SourceDate "2007.05.19"]

1. d4 d5 2. c4 Nc6 3. Nf3 Bg4 4. cxd5 Bxf3 5. gxf3 Qxd5 6. e3 e5 7. Nc3 Bb4 8.
Bd2 Bxc3 9. bxc3 Nge7 10. c4 Qd6 11. d5 Nb8 12. Rb1 b6 13. Rg1 Nd7 14. Qc1 O-O
15. Bb4 Nc5 16. Qa3 Ng6 17. Be2 Rfb8 18. Kf1 a5 19. Bc3 c6 20. Rd1 Rd8 21. Kg2
Nh4+ 22. Kf1 f6 23. Qc1 Rd7 24. Rg4 Ng6 25. Qb1 Qc7 26. h4 Rad8 27. h5 Ne7 28.
f4 cxd5 29. fxe5 fxe5 30. cxd5 Nxd5 31. Bc4 Kh8 32. Rxd5 Rxd5 33. Bxd5 Rxd5 34.
Qf5 Kg8 35. Rg5 h6 36. Qg6 Qe7 37. Qxh6 Ne4 38. Qc6 Nxc3 39. Rg4 Qd7 40. Qa8+
Kh7 0-1

[Event "7. Internacional Governador Mario Covas"]
[Site "Santos BRA"]
[Date "2007.05.25"]
[Round "7.2"]
[White "Mekhitarian, Krikor Sevag"]
[Black "Coelho, Luis Henrique"]
[Result "1/2-1/2"]
[WhiteElo "2416"]
[BlackElo "2395"]
[PlyCount "141"]
[EventDate "2007.05.19"]
[EventType "tourn"]
[EventRounds "9"]
[EventCountry "BRA"]
[EventCategory "10"]
[Source "lmi"]
[SourceDate "2007.05.19"]

1. Nf3 Nf6 2. c4 g6 3. Nc3 Bg7 4. d4 O-O 5. e4 d6 6. Be2 e5 7. Be3 c6 8. O-O
Nbd7 9. d5 c5 10. Ne1 Ne8 11. Nd3 f5 12. f3 f4 13. Bf2 h5 14. Rb1 g5 15. b4 b6
16. bxc5 bxc5 17. Qa4 Nb6 18. Qb5 g4 19. a4 Nc7 20. Qb3 Qg5 21. Kh1 Rf6 22.
Rfd1 Rg6 23. Ne1 g3 24. Bg1 gxh2 25. Bxh2 h4 26. Bf1 h3 27. Rd2 Nd7 28. gxh3
Qh5 29. Qc2 Nf6 30. Rg2 Rh6 31. Rg1 Na6 32. Nd1 Nb4 33. Qg2 Rh7 34. Nf2 Qe8 35.
Qg6 Qxg6 36. Rxg6 Kf7 37. Rg1 a5 38. Ng4 Nd7 39. Ra1 Nb6 40. Nd3 Nc2 41. Ra2
Nd4 42. Ne1 Bf8 43. Rgg2 Be7 44. Rgb2 Bd8 45. Bg1 Ba6 46. Bxd4 cxd4 47. Rc2 Rc8
48. Nd3 Nxc4 49. Rxc4 Bxc4 50. Ndxe5+ dxe5 51. Nxe5+ Kf8 52. Nxc4 Rhc7 53. Rc2
Rb8 54. e5 Rb1 55. Kg2 Rg7+ 56. Kf2 Bh4+ 57. Ke2 Re1+ 58. Kd3 Rxf1 59. Kxd4
Rxf3 60. Rb2 Rf1 61. Nd6 Kg8 62. Nf5 f3 63. Nxh4 f2 64. Ke3 Re1+ 65. Kxf2 Rxe5
66. Rd2 Rd7 67. d6 Re4 68. Nf3 Kg7 69. Rd4 Rxd4 70. Nxd4 Kf6 71. Nc6 1/2-1/2

[Event "7. Internacional Governador Mario Covas"]
[Site "Santos BRA"]
[Date "2007.05.25"]
[Round "7.3"]
[White "Matsuura, Everaldo"]
[Black "Rodriguez Vila, Andres"]
[Result "1-0"]
[WhiteElo "2502"]
[BlackElo "2559"]
[PlyCount "93"]
[EventDate "2007.05.19"]
[EventType "tourn"]
[EventRounds "9"]
[EventCountry "BRA"]
[EventCategory "10"]
[Source "lmi"]
[SourceDate "2007.05.19"]

1. e4 e6 2. d4 d5 3. Nc3 Bb4 4. e5 c5 5. a3 Bxc3+ 6. bxc3 Nc6 7. Qg4 g6 8. Nf3
Qa5 9. Bd2 Qa4 10. Ra2 b6 11. Qf4 cxd4 12. Nxd4 Nxd4 13. Qxd4 Bd7 14. Bd3 Ne7
15. Qb4 Qxb4 16. axb4 Nc6 17. f4 O-O 18. O-O Rfc8 19. Be3 Rab8 20. Kf2 a5 21.
Rb1 axb4 22. cxb4 Rc7 23. b5 Ne7 24. Ra6 Rcb7 25. g4 g5 26. fxg5 Ng6 27. Bd4
Nf4 28. Bf1 Rc7 29. Kg3 Ng6 30. Bd3 Rcb7 31. h4 Be8 32. Rba1 Nf8 33. Ra7 Rxa7
34. Rxa7 Nd7 35. Rc7 Ra8 36. h5 Rb8 37. Kf4 Nf8 38. Rc6 Nd7 39. g6 hxg6 40.
hxg6 Kg7 41. gxf7 Bxf7 42. Rc7 Rd8 43. Rb7 Nc5 44. Bxc5 bxc5 45. Kg5 Kf8 46.
Kf6 Be8 47. Bh7 1-0

[Event "7. Internacional Governador Mario Covas"]
[Site "Santos BRA"]
[Date "2007.05.25"]
[Round "7.4"]
[White "Milos, Gilberto"]
[Black "Fier, Alexandr"]
[Result "1/2-1/2"]
[WhiteElo "2579"]
[BlackElo "2499"]
[PlyCount "59"]
[EventDate "2007.05.19"]
[EventType "tourn"]
[EventRounds "9"]
[EventCountry "BRA"]
[EventCategory "10"]
[Source "lmi"]
[SourceDate "2007.05.19"]

1. d4 Nf6 2. c4 e6 3. Nf3 b6 4. g3 Ba6 5. Nbd2 c5 6. e4 cxd4 7. e5 Ng4 8. h3
Nh6 9. Bg2 Nc6 10. O-O Nf5 11. a3 Be7 12. b4 Bb7 13. g4 Nh4 14. Nxh4 Bxh4 15.
Ne4 Be7 16. Bf4 O-O 17. g5 Kh8 18. Re1 Qe8 19. Bg3 Rg8 20. h4 Rc8 21. Kh2 Qf8
22. Qd2 Rd8 23. Rad1 a5 24. b5 Na7 25. Nd6 Bxg2 26. Kxg2 Rb8 27. Qxd4 Nc8 28.
Rd3 Nxd6 29. exd6 Bd8 30. Qe4 1/2-1/2

[Event "7. Internacional Governador Mario Covas"]
[Site "Santos BRA"]
[Date "2007.05.25"]
[Round "7.5"]
[White "Fernandez, Daniel"]
[Black "Lemos, Damian"]
[Result "1/2-1/2"]
[WhiteElo "2436"]
[BlackElo "2422"]
[PlyCount "66"]
[EventDate "2007.05.19"]
[EventType "tourn"]
[EventRounds "9"]
[EventCountry "BRA"]
[EventCategory "10"]
[Source "lmi"]
[SourceDate "2007.05.19"]

1. Nf3 Nf6 2. c4 g6 3. g3 Bg7 4. d4 O-O 5. Bg2 c6 6. O-O d5 7. Qb3 a5 8. cxd5
Nxd5 9. Nc3 Nxc3 10. bxc3 a4 11. Qb2 Nd7 12. Rb1 Re8 13. Rd1 Qa5 14. Nd2 Qc7
15. Nc4 b5 16. Bf4 e5 17. Nxe5 Nxe5 18. dxe5 Bxe5 19. Rd4 Bxf4 20. gxf4 Be6 21.
Rbd1 Bc4 22. e3 Rad8 23. Bf1 Rxd4 24. Rxd4 c5 25. Rd1 Qc8 26. Qd2 Bxf1 27. Kxf1
Qh3+ 28. Kg1 Qg4+ 29. Kf1 Qh3+ 30. Kg1 Qg4+ 31. Kh1 b4 32. cxb4 cxb4 33. Rb1
Qf3+ 1/2-1/2

[Event "7. Internacional Governador Mario Covas"]
[Site "Santos BRA"]
[Date "2007.05.26"]
[Round "8.1"]
[White "Leitao, Rafael"]
[Black "Lemos, Damian"]
[Result "0-1"]
[WhiteElo "2603"]
[BlackElo "2422"]
[PlyCount "72"]
[EventDate "2007.05.19"]
[EventType "tourn"]
[EventRounds "9"]
[EventCountry "BRA"]
[EventCategory "10"]
[Source "lmi"]
[SourceDate "2007.05.19"]

1. d4 Nf6 2. c4 g6 3. Nc3 Bg7 4. e4 d6 5. Bd3 O-O 6. Nge2 e5 7. d5 Na6 8. Ng3
c6 9. O-O Bd7 10. Bc2 cxd5 11. cxd5 h5 12. Bg5 Qb6 13. Rb1 Nh7 14. Be3 Qa5 15.
b4 Qd8 16. Bd3 h4 17. Nge2 f5 18. exf5 gxf5 19. f4 Nf6 20. h3 Nh5 21. Qd2 Rc8
22. Bxa7 exf4 23. Bd4 Be5 24. Bxa6 bxa6 25. Nxf4 Qg5 26. Nce2 Bb5 27. Be3 Bxe2
28. Nxe2 f4 29. Bd4 Qg6 30. Nc3 Ng3 31. Bxe5 dxe5 32. Rbe1 Nxf1 33. Rxf1 Qb6+
34. Kh1 Qe3 35. Qc2 e4 36. Rf3 Rxc3 0-1

[Event "7. Internacional Governador Mario Covas"]
[Site "Santos BRA"]
[Date "2007.05.26"]
[Round "8.2"]
[White "Fier, Alexandr"]
[Black "Fernandez, Daniel"]
[Result "1-0"]
[WhiteElo "2499"]
[BlackElo "2436"]
[PlyCount "41"]
[EventDate "2007.05.19"]
[EventType "tourn"]
[EventRounds "9"]
[EventCountry "BRA"]
[EventCategory "10"]
[Source "lmi"]
[SourceDate "2007.05.19"]

1. e4 c5 2. Nf3 d6 3. d4 cxd4 4. Nxd4 Nf6 5. Nc3 a6 6. Bg5 e6 7. f4 Qb6 8. Qd2
Qxb2 9. Rb1 Qa3 10. f5 Nc6 11. fxe6 fxe6 12. Nxc6 bxc6 13. e5 dxe5 14. Bxf6
gxf6 15. Ne4 Qxa2 16. Rd1 Be7 17. Bd3 f5 18. O-O fxe4 19. Be2 Bc5+ 20. Kh1 Bd4
21. Qg5 1-0

[Event "7. Internacional Governador Mario Covas"]
[Site "Santos BRA"]
[Date "2007.05.26"]
[Round "8.3"]
[White "Rodriguez Vila, Andres"]
[Black "Milos, Gilberto"]
[Result "0-1"]
[WhiteElo "2559"]
[BlackElo "2579"]
[PlyCount "114"]
[EventDate "2007.05.19"]
[EventType "tourn"]
[EventRounds "9"]
[EventCountry "BRA"]
[EventCategory "10"]
[Source "lmi"]
[SourceDate "2007.05.19"]

1. e4 c5 2. Nc3 Nc6 3. g3 g6 4. d3 Bg7 5. Bg2 d6 6. f4 Nf6 7. Nf3 O-O 8. O-O
Rb8 9. h3 b5 10. g4 b4 11. Ne2 Nd7 12. Qe1 Ba6 13. Rb1 c4 14. d4 c3 15. d5 Bxe2
16. Qxe2 Nd4 17. Qd1 Nxf3+ 18. Bxf3 cxb2 19. Bxb2 Qb6+ 20. Rf2 Bxb2 21. Rxb2
Qc5 22. Rb3 a5 23. Be2 Nf6 24. Qd3 Qa7 25. g5 Nd7 26. Qd2 Nc5 27. Re3 a4 28.
Bc4 Qc7 29. e5 Nd7 30. Re4 Qc5 31. Bf1 dxe5 32. fxe5 e6 33. Bg2 exd5 34. Rd4
Nxe5 35. Rxd5 Qe7 36. Re2 Qa7+ 37. Qd4 Nc6 38. Qxa7 Nxa7 39. Rd4 Nb5 40. Rd7
Nc3 41. Rf2 Rb5 42. h4 a3 43. Bf1 Rc5 44. Rf4 Nxa2 45. Bc4 Nc3 46. Bxf7+ Kh8
47. Rxb4 Rf5 48. Bc4 Rf4 49. Ra7 Ne2+ 50. Bxe2 Rxb4 51. Rxa3 Rxh4 52. Ra5 Rhf4
53. Bd3 Kg7 54. Ra7+ R8f7 55. Ra5 Rf2 56. Rd5 Rd2 57. Ra5 Rb7 0-1

[Event "7. Internacional Governador Mario Covas"]
[Site "Santos BRA"]
[Date "2007.05.26"]
[Round "8.4"]
[White "Coelho, Luis Henrique"]
[Black "Matsuura, Everaldo"]
[Result "1-0"]
[WhiteElo "2395"]
[BlackElo "2502"]
[PlyCount "167"]
[EventDate "2007.05.19"]
[EventType "tourn"]
[EventRounds "9"]
[EventCountry "BRA"]
[EventCategory "10"]
[Source "lmi"]
[SourceDate "2007.05.19"]

1. d4 f5 2. g3 Nf6 3. Bg2 g6 4. Nf3 Bg7 5. O-O O-O 6. b3 c6 7. Bb2 d5 8. Nbd2
Kh8 9. Ne5 Be6 10. f3 Nbd7 11. Nd3 Qb6 12. Kh1 Ne8 13. c4 Rd8 14. c5 Qc7 15. e4
Ndf6 16. Nf4 Qc8 17. e5 Ng8 18. h4 Nc7 19. b4 Bd7 20. Nb3 Ne6 21. Nd3 Nh6 22.
Bc1 Nf7 23. Be3 h6 24. Qd2 Kh7 25. Bh3 Nc7 26. Kh2 Kh8 27. Nbc1 Rde8 28. Ne2
Nd8 29. Rf2 Nde6 30. Raf1 Qd8 31. f4 h5 32. a4 a6 33. Nc3 a5 34. bxa5 Qa8 35.
Na2 Qa6 36. Ndc1 Ra8 37. Nb3 Qc4 38. Qb4 Na6 39. Qxc4 dxc4 40. Nd2 Nac7 41.
Nxc4 Nd5 42. Re2 Rfd8 43. Bf2 Nec7 44. Rb2 Be6 45. Rc1 Ra7 46. Bf1 Bf8 47. Rcb1
Bc8 48. Be1 Ne6 49. Bf2 Kg7 50. Kg2 Ndc7 51. Rd2 Nd5 52. Kf3 Kf7 53. Rb3 Nec7
54. Rdb2 Ne6 55. Nb4 Nxb4 56. Rxb4 Kg7 57. Rd2 Nc7 58. Be2 Be6 59. Rdb2 Bd5+
60. Ke3 Rb8 61. Be1 Be6 62. Kf2 Nd5 63. R4b3 Nc7 64. Rb1 Na6 65. Rb6 Rd8 66.
Bc3 Bc8 67. e6 Kh7 68. Ne5 Nc7 69. Bc4 Bg7 70. Nd7 Nxe6 71. Bxe6 Bxd7 72. Bc4
Bc8 73. Ke3 Bf6 74. a6 bxa6 75. Rxc6 Rad7 76. Rxc8 Rxc8 77. Be6 Rcd8 78. Bxd7
Rxd7 79. Rb6 Ra7 80. c6 a5 81. Bxa5 Rxa5 82. c7 Rxa4 83. Rxf6 Rc4 84. Rf7+ 1-0

[Event "7. Internacional Governador Mario Covas"]
[Site "Santos BRA"]
[Date "2007.05.27"]
[Round "9.3"]
[White "Milos, Gilberto"]
[Black "Coelho, Luis Henrique"]
[Result "1/2-1/2"]
[WhiteElo "2579"]
[BlackElo "2395"]
[PlyCount "96"]
[EventDate "2007.05.19"]
[EventType "tourn"]
[EventRounds "9"]
[EventCountry "BRA"]
[EventCategory "10"]
[Source "lmi"]
[SourceDate "2007.05.19"]

1. d4 d5 2. c4 c6 3. Nf3 Nf6 4. Nc3 e6 5. g3 Nbd7 6. Bg2 dxc4 7. O-O Be7 8. Nd2
Nb6 9. e3 e5 10. dxe5 Ng4 11. Nf3 Qxd1 12. Rxd1 Nd7 13. e6 fxe6 14. Rd4 Ngf6
15. Rxc4 e5 16. Ne4 Nb6 17. Nxf6+ gxf6 18. Rc2 Bf5 19. Re2 O-O-O 20. e4 Rd1+
21. Re1 Rhd8 22. Bh6 Rxa1 23. Rxa1 Bxe4 24. Nh4 Bxg2 25. Kxg2 Kd7 26. Re1 Ke6
27. g4 Nd5 28. Re2 Bf8 29. Bd2 c5 30. b3 b5 31. f4 Bd6 32. Nf3 Rg8 33. h3 h5
34. fxe5 Bxe5 35. Re4 a6 36. Kf2 hxg4 37. hxg4 Rc8 38. g5 Kf5 39. Re2 c4 40.
bxc4 bxc4 41. Nh4+ Ke6 42. gxf6 Kxf6 43. Bg5+ Kxg5 44. Rxe5+ Kxh4 45. Rxd5 c3
46. Rd1 Rb8 47. Ke3 Rb2 48. Kd3 Rxa2 1/2-1/2

[Event "7. Internacional Governador Mario Covas"]
[Site "Santos BRA"]
[Date "2007.05.27"]
[Round "9.4"]
[White "Fernandez, Daniel"]
[Black "Rodriguez Vila, Andres"]
[Result "1-0"]
[WhiteElo "2436"]
[BlackElo "2579"]
[PlyCount "143"]
[EventDate "2007.05.19"]
[EventType "tourn"]
[EventRounds "9"]
[EventCountry "BRA"]
[EventCategory "10"]
[Source "lmi"]
[SourceDate "2007.05.19"]

1. e4 d6 2. d4 g6 3. Nc3 a6 4. Bc4 b5 5. Bb3 e6 6. Be3 Nd7 7. a4 b4 8. Nce2
Ngf6 9. f3 c5 10. a5 Qc7 11. c3 Rb8 12. Nh3 Bg7 13. O-O O-O 14. Bc2 bxc3 15.
bxc3 Rb5 16. dxc5 dxc5 17. c4 Rxa5 18. Rb1 Ne5 19. Bd2 Ra3 20. Bb3 Nd3 21. Nhf4
Nb4 22. Qc1 Ra5 23. Bc3 Nd7 24. Qe3 Bxc3 25. Nxc3 Ne5 26. Nfe2 Rd8 27. f4 Rd3
28. Qc1 Nec6 29. f5 Ne5 30. Nf4 Rd4 31. Nce2 Rxe4 32. fxe6 Bxe6 33. Ng3 Rd4 34.
Nxe6 fxe6 35. Qg5 Nbc6 36. Rbe1 Rg4 37. Qf6 Qf7 38. Ne4 Rxe4 39. Rxe4 Qxf6 40.
Rxf6 Ra3 41. Rxe6 Nd3 42. h3 Nd4 43. Rd6 Rxb3 44. Re7 Rb8 45. Rxa6 Nf5 46. Rc7
g5 47. Kh2 Re8 48. Rf6 Re5 49. Ra6 Ne7 50. Kg3 Nf4 51. h4 Ne2+ 52. Kg4 gxh4 53.
Ra5 Re3 54. Kxh4 Ng6+ 55. Kg5 Nd4 56. Ra8+ Nf8 57. Kg4 Nde6 58. Re7 Re4+ 59.
Kf5 Re2 60. Rxe6 Rf2+ 61. Ke4 Kf7 62. Rc6 Nd7 63. Ra7 Re2+ 64. Kf4 Re7 65. Rd6
Ke8 66. Ra8+ Kf7 67. Ra7 Ke8 68. Rdxd7 Rxd7 69. Rxd7 Kxd7 70. Ke5 Kc6 71. g4
Kd7 72. Kd5 1-0

[Event "7. Internacional Governador Mario Covas"]
[Site "Santos BRA"]
[Date "2007.05.27"]
[Round "9.5"]
[White "Lemos, Damian"]
[Black "Fier, Alexandr"]
[Result "1/2-1/2"]
[WhiteElo "2422"]
[BlackElo "2499"]
[PlyCount "25"]
[EventDate "2007.05.19"]
[EventType "tourn"]
[EventRounds "9"]
[EventCountry "BRA"]
[EventCategory "10"]
[Source "lmi"]
[SourceDate "2007.05.19"]

1. d4 Nf6 2. c4 e6 3. Nf3 b6 4. g3 Ba6 5. Qa4 Bb7 6. Bg2 c5 7. O-O Be7 8. Nc3
cxd4 9. Nxd4 Bxg2 10. Kxg2 Qc7 11. Rd1 Qb7+ 12. f3 O-O 13. Bg5 1/2-1/2